Living for young moderns /

Bibliographic Details
Main Author: McDermott, Irene Elizabeth
Other Authors: Nicholas, Florence Williams, 1893-
Format: Book
Language:English
Published: [Place of publication not identified] : Lipincott, [1956]
Subjects:

MARC

Tag First Indicator Second Indicator Subfields
LEADER 00000cam a2200000 4500
001 in00000038075
005 20151007080818.0
008 750801s1956 eng u
010 |a  56006474  
035 |a (OCoLC)01497843 
035 |9 AAF5418AM 
040 |c DZM  |d TXA  |d UtOrBLW 
049 |a TXAM  |c 2 [279045] 
050 0 |a HQ796  |b .M224 
092 |a 301.1584  |b M134 
100 1 |a McDermott, Irene Elizabeth. 
245 1 0 |a Living for young moderns /  |c by Irene E. McDermott & Florence W. Nicholas. 
264 1 |a [Place of publication not identified] :  |b Lipincott,  |c [1956] 
264 4 |c [©1956] 
300 |a 396 pages :  |b illustrations 
336 |a text  |b txt  |2 rdacontent 
337 |a unmediated  |b n  |2 rdamedia 
338 |a volume  |b nc  |2 rdacarrier 
504 |a Bibliography 
650 0 |a Youth. 
700 1 |a Nicholas, Florence Williams,  |d 1893- 
999 |a MARS 
999 f f |s 7059ec45-d9a2-33f0-9ba9-99ec2450027d  |i 48bf1d95-4c18-34eb-b547-2805150ee4f0  |t 0 
952 f f |p ric  |a Texas A&M University  |b Rellis Campus  |c Joint Library Facility  |d Remote Storage  |t 0  |e HQ796 .M224  |h Library of Congress classification  |i unmediated -- volume  |m A14800639068 
998 f f |a HQ796 .M224  |t 0  |l Remote Storage